000 00737nam a22002177a 4500
003 UA-OsUOA
001 115692
007 ta
008 20160115b un ||||| |||| 00| 0 ukr d
100 _aЦибенко І.
090 _a94(477)
_bЦ56
942 _cSA
040 _aUA-OsUOA
_bukr
_cUA-OsUOA
_dUA-OsUOA
245 _aНауково-видавнича діяльність М. Грушевського в умовах розбудови національної культури України
300 _aС.34-38
955 _a0
041 _aukr
080 _a94(477)
773 0 _w115689
_tВісник книжкової палати
_dК.
_d2015
_g11
650 7 _a9 Географія. Біографії. Історія
_2UDC
999 _c404405
_d404405